| 000 | nam a22 7a 4500 | ||
|---|---|---|---|
| 999 |
_c329602 _d329602 |
||
| 003 | NUST | ||
| 005 | 20170515173105.0 | ||
| 008 | 170515b xxu||||| |||| 00| 0 eng d | ||
| 040 | _cDLC | ||
| 082 | _a388.312 GOR | ||
| 100 |
_aGordon, Robert _9796 |
||
| 245 | _aIntelligent Freeway Transportation Systems : Functional Design / | ||
| 260 |
_aNew York : _bSpringer Berlin Heidelberg, |
||
| 300 | _axii, 217p. ; | ||
| 942 |
_2ddc _cBK |
||